000 00682nam a2200217Ia 4500
003 GCL
008 140319s9999 xx 000 0 ara d
040 _aGCL /
_cGCL
082 0 4 _a001.5
_bع أ
100 1 _aعبدالفتاح ابومعال
245 1 0 _aاثر وسائل الاعلام على الطفل /
_cعبدالفتاح ابومعال
260 _aالاردن :
_bدار الشروق ،
_c1990
300 _a158 ص ؛
_c24 سم
650 0 4 _aالتليفزيون
650 0 4 _aالاعلام
650 0 4 _aوسائل الاعلام
650 0 4 _aالسينما
650 0 4 _aالصحف
650 0 4 _aوسائل الاعلام والطفل
942 _2ddc
_cBK
999 _c30034
_d30034